Introducción a la teoría de la estadística (Registro nro. 1312)
[ vista simple ]
| 000 -LEADER | |
|---|---|
| fixed length control field | 01302 a2200253 4500 |
| 001 - CONTROL NUMBER | |
| control field | 25202 |
| 005 - DATE AND TIME OF LATEST TRANSACTION | |
| control field | 20260407155535.0 |
| 008 - FIXED-LENGTH DATA ELEMENTS--GENERAL INFORMATION | |
| fixed length control field | 260407a1969 arg spa d |
| 003 - CONTROL NUMBER IDENTIFIER | |
| control field | AR-UNSa-BCEJYS |
| 040 ## - CATALOGING SOURCE | |
| Original cataloging agency | AR-UNSa-BCEJYS |
| Language of cataloging | spa |
| Transcribing agency | AR-UNSa-BCEJYS |
| 080 ## - UNIVERSAL DECIMAL CLASSIFICATION NUMBER | |
| Universal Decimal Classification number | 519.2 |
| Common auxiliary subdivision | Probabilidades y estadística matemática<br/> |
| 041 ## - LANGUAGE CODE | |
| Language code of text/sound track or separate title | spa |
| 100 1# - MAIN ENTRY--PERSONAL NAME | |
| Personal name | Mood, Alexander McFarlane |
| 245 10 - TITLE STATEMENT | |
| Title | Introducción a la teoría de la estadística |
| 250 ## - EDITION STATEMENT | |
| Edition statement | 4a. ed |
| 264 #1 - PRODUCTION, PUBLICATION, DISTRIBUTION, MANUFACTURE, AND COPYRIGHT NOTICE | |
| Place of production, publication, distribution, manufacture | Madrid : |
| Name of producer, publisher, distributor, manufacturer | Aguilar |
| Date of production, publication, distribution, manufacture, or copyright notice | 1969 |
| 300 ## - PHYSICAL DESCRIPTION | |
| Extent | xix, 536 p. |
| Dimensions | 21 cm. |
| 505 ## - FORMATTED CONTENTS NOTE | |
| Formatted contents note | 1. Introducción - 2. Probabilidad - 3. Variables aleatorias discretas - 4. Variables aleatorias continuas - 5. Valores esperados y momentos - 6. Distribuciones continuas especiales - 7. Muestreo - 8. Estimación puntual - 9. Distribución normal multivariante - 10. Distribuciones en el muestreo - 11. Estimación por intervalos - 12. Docimasia de hipótesis - 13. Regresión e hipótesis lineales - 14. Modelos de diseños experimental - 15. Dócima sucesionales de hipótesis - 16. Métodos no paramétricos. |
| 590 ## - LOCAL NOTE (RLIN) | |
| Local note | niveau_biblio:m niveau_hierar:0 |
| 700 1# - ADDED ENTRY--PERSONAL NAME | |
| Personal name | Graybill, Franklin A. |
| 700 1# - ADDED ENTRY--PERSONAL NAME | |
| Personal name | Pro Bermejo, Rafael |
| 856 41 - ELECTRONIC LOCATION AND ACCESS | |
| Uniform Resource Identifier | <a href="https://www.biblioeco.unsa.edu.ar/pmb/images/libros/L128436.jpg">https://www.biblioeco.unsa.edu.ar/pmb/images/libros/L128436.jpg</a> |
| Link text | Imagen de portada |
| Electronic format type | image/jpeg |
| 942 ## - ADDED ENTRY ELEMENTS (KOHA) | |
| Koha item type | |
| Withdrawn status | Lost status | Damaged status | Not for loan | Home library | Current library | Shelving location | Date acquired | Total checkouts | Full call number | Barcode | Date last seen | Price effective from | Koha item type |
|---|---|---|---|---|---|---|---|---|---|---|---|---|---|
| Biblioteca Prof. Eusebio Cleto del Rey | Biblioteca Prof. Eusebio Cleto del Rey | 07/04/2026 | 519.2 M817 4ed. | L25004 | 07/04/2026 | 07/04/2026 | Libro | ||||||
| Biblioteca Prof. Eusebio Cleto del Rey | Biblioteca Prof. Eusebio Cleto del Rey | 07/04/2026 | 519.2 M817 4ed. | L24611 | 07/04/2026 | 07/04/2026 | Libro | ||||||
| Biblioteca Prof. Eusebio Cleto del Rey | Biblioteca Prof. Eusebio Cleto del Rey | 07/04/2026 | 519.2 M817 4ed. | L128436 | 07/04/2026 | 07/04/2026 | Libro |